000 00636nam a2200229Ia 4500
003 OSt
005 20220927105125.0
006 a|||||r|||| 00| 0
007 ta
008 220926b |||||||| |||| 00| 0 eng d
024 _a196218
037 _cReference Collections
040 _aRTL
_cRTL
_beng
041 _2eng
_aeng
082 _a"D6,9(B), M5"
100 _aGRAHAM neill
_9370323
245 0 _aIntroduction to computer science
260 _anew
_byork west publishing company new york
_c1985
300 _a"ix,879p"
_ccm.
942 _h"D6,9(B), M5"
_cCC
999 _c690775
_d690775